Pharmacotherapy principles & practice / (Record no. 22449)
[ view plain ]
| 000 -LEADER | |
|---|---|
| fixed length control field | 01042cam a22003135a 4500 |
| 001 - CONTROL NUMBER | |
| control field | 18847351 |
| 005 - DATE AND TIME OF LATEST TRANSACTION | |
| control field | 20161129103951.0 |
| 008 - FIXED-LENGTH DATA ELEMENTS--GENERAL INFORMATION | |
| fixed length control field | 151020s2016 nyu b 001 0 eng |
| 020 ## - INTERNATIONAL STANDARD BOOK NUMBER | |
| International Standard Book Number | 9780071835022 |
| 020 ## - INTERNATIONAL STANDARD BOOK NUMBER | |
| International Standard Book Number | 0071835024 |
| 040 ## - CATALOGING SOURCE | |
| Original cataloging agency | DNLM/DLC |
| Transcribing agency | DLC |
| Language of cataloging | eng |
| Modifying agency | EG-ScBUE |
| 082 04 - DEWEY DECIMAL CLASSIFICATION NUMBER | |
| Classification number | 615.58 |
| Edition number | 22 |
| Item number | PHA |
| 245 00 - TITLE STATEMENT | |
| Title | Pharmacotherapy principles & practice / |
| Statement of responsibility, etc | editors Marie A. Chisholm-Burns ... [et al/] |
| 246 30 - VARYING FORM OF TITLE | |
| Title proper/short title | Pharmacotherapy principles and practice |
| 250 ## - EDITION STATEMENT | |
| Edition statement | 4th ed. |
| 260 ## - PUBLICATION, DISTRIBUTION, ETC. (IMPRINT) | |
| Place of publication, distribution, etc | New York : |
| Name of publisher, distributor, etc | McGraw Hill Education, |
| Date of publication, distribution, etc | c.2016. |
| 300 ## - PHYSICAL DESCRIPTION | |
| Extent | xxv, 1630 p. ; |
| Other physical details | ill. ; |
| Dimensions | 24 cm. |
| 500 ## - GENERAL NOTE | |
| General note | Glossary : p. 1547-1565. |
| 500 ## - GENERAL NOTE | |
| General note | Index : p. 1571-1630. |
| 504 ## - BIBLIOGRAPHY, ETC. NOTE | |
| Bibliography, etc | Includes bibliographical references and index. |
| 650 #7 - SUBJECT ADDED ENTRY--TOPICAL TERM | |
| Topical term or geographic name as entry element | Chemotherapy. |
| Source of heading or term | BUEsh |
| 9 (RLIN) | 9757 |
| 650 #0 - SUBJECT ADDED ENTRY--TOPICAL TERM | |
| Topical term or geographic name as entry element | Drug utilization. |
| Source of heading or term | BUEsh |
| 651 ## - SUBJECT ADDED ENTRY--GEOGRAPHIC NAME | |
| Source of heading or term | BUEsh |
| 653 ## - INDEX TERM--UNCONTROLLED | |
| Resource For college | Pharmacy |
| Arrived date list | October2016 |
| -- | November2016 |
| 655 ## - INDEX TERM--GENRE/FORM | |
| Form subdivision | Reading book |
| -- | 34232 |
| 700 1# - ADDED ENTRY--PERSONAL NAME | |
| Personal name | Chisholm-Burns, Marie A., |
| Relator term | editor. |
| 906 ## - LOCAL DATA ELEMENT F, LDF (RLIN) | |
| a | 7 |
| b | cbc |
| c | orignew |
| d | 1 |
| e | ecip |
| f | 20 |
| g | y-gencatlg |
| 942 ## - ADDED ENTRY ELEMENTS (KOHA) | |
| Source of classification or shelving scheme | Dewey Decimal Classification |
| Withdrawn status | Item status | Source of classification or shelving scheme | Damaged status | Not for loan | Vendor | Home library | Current library | Shelving location | Date acquired | Source of acquisition | Cost, normal purchase price | Total Checkouts | Total Renewals | Full call number | Barcode | Date last seen | Date last borrowed | Koha item type | Materials specified (bound volume or other part) |
|---|---|---|---|---|---|---|---|---|---|---|---|---|---|---|---|---|---|---|---|
| Dewey Decimal Classification | Baccah | Central Library | Central Library | First floor | 04/10/2016 | Purchase | 1380.00 | 7 | 5 | 615.58 PHA | 000033817 | 15/07/2025 | 29/11/2018 | Book - Borrowing | |||||
| Lost | Dewey Decimal Classification | Baccah | Central Library | Central Library | First floor | 04/10/2016 | Purchase | 1380.00 | 2 | 68 | 615.58 PHA | 000033818 | 06/12/2023 | 06/03/2022 | Book - Borrowing | Lost_In_Inventory_12-2-2024 | |||
| Dewey Decimal Classification | Baccah | Central Library | Central Library | First floor | 04/10/2016 | Purchase | 1380.00 | 1 | 6 | 615.58 PHA | 000033819 | 15/07/2025 | 31/10/2016 | Book - Borrowing | |||||
| Dewey Decimal Classification | Baccah | Central Library | Central Library | First floor | 29/11/2016 | Purchase | 615.58 PHA | 000040131 | 15/07/2025 | NB - Book (Non borrowing) | |||||||||
| Dewey Decimal Classification | Baccah | Central Library | Central Library | First floor | 29/11/2016 | Purchase | 2 | 1 | 615.58 PHA | 000040132 | 15/07/2025 | 18/11/2018 | Book - Borrowing | ||||||
| Dewey Decimal Classification | Baccah | Central Library | Central Library | First floor | 29/11/2016 | Purchase | 2 | 35 | 615.58 PHA | 000040133 | 15/07/2025 | 07/03/2019 | Book - Borrowing | ||||||
| Dewey Decimal Classification | Baccah | Central Library | Central Library | First floor | 29/11/2016 | Purchase | 1 | 1 | 615.58 PHA | 000040134 | 15/07/2025 | 18/09/2018 | Book - Borrowing | ||||||
| Dewey Decimal Classification | Baccah | Central Library | Central Library | First floor | 29/11/2016 | Purchase | 3 | 12 | 615.58 PHA | 000040135 | 15/07/2025 | 13/03/2019 | Book - Borrowing |